书目信息 |
| 题名: |
西化思潮的源流与评价
|
|
| 作者: | 张世保 主编 | |
| 分册: | ||
| 出版信息: | 上海 华东师范大学出版社 2005 |
|
| 页数: | 297页 | |
| 开本: | 21cm | |
| 丛书名: | 20世纪中国哲学与文化研究丛书 | |
| 单 册: | ||
| 中图分类: | D092 , B26 | |
| 科图分类: | ||
| 主题词: | 社会思潮--思想史--研究--中国 , 社会思潮 , 哲学--中国--现代 | |
| 电子资源: | ||
| ISBN: | 7-5617-4026-3 | |
| 000 | 01045oam2 2200289 450 | |
| 001 | 1163008046 | |
| 005 | 20110928173324.95 | |
| 010 | @a7-5617-4026-3@dCNY15.00 | |
| 100 | @a20050316d2005 em y0chiy50 ea | |
| 101 | 0 | @achi |
| 102 | @aCN@b310000 | |
| 105 | @ay z 000yy | |
| 106 | @ar | |
| 200 | 1 | @a西化思潮的源流与评价@f张世保著@Axi hua si chao de yuan liu yu ping jia |
| 210 | @a上海@c华东师范大学出版社@d2005 | |
| 215 | @a297页@d21cm | |
| 225 | 2 | @a20世纪中国哲学与文化研究丛书 |
| 330 | @a本书主要是对近四百年来西化思潮的兴起与流变进行了历史的考察。内容包括:明清之际的“西学派”、19世纪的“中体西用”思潮、辛亥革命前后的西化思潮、新文化运动时期的西化思潮、20世纪下半叶中国大陆的西化思潮等。 | |
| 461 | 0 | @1001002660840 |
| 606 | 0 | @a社会思潮@x思想史@x研究@y中国 |
| 606 | 0 | @a社会思潮 |
| 606 | 0 | @a哲学@x中国@x现代 |
| 690 | @aD092@v4 | |
| 690 | @aB26@v4 | |
| 701 | 0 | @c(土家)@a张世保@f(1974.9~)@4主编@Azhang shi bao |
| 801 | 0 | @aCN@b大连网信软件有限公司图书馆·11@c20110928 |
| 905 | @a10447@dB26@eJY88 | |
| 西化思潮的源流与评价/张世保著.-上海:华东师范大学出版社,2005 |
| 297页;21cm .-(20世纪中国哲学与文化研究丛书 ) |
| ISBN 7-5617-4026-3:CNY15.00 |
| 本书主要是对近四百年来西化思潮的兴起与流变进行了历史的考察。内容包括:明清之际的“西学派”、19世纪的“中体西用”思潮、辛亥革命前后的西化思潮、新文化运动时期的西化思潮、20世纪下半叶中国大陆的西化思潮等。 |
| ● |
| 相关链接 |
|
|
|
|
正题名:西化思潮的源流与评价
索取号:B26/JY88
 
预约/预借
| 序号 | 登录号 | 条形码 | 馆藏地/架位号 | 状态 | 备注 |
| 1 | 7824516 | 278245169 | 学院路分馆/ [索取号:B26/JY88] | 在馆 | |
| 2 | 7824517 | 278245178 | 学院路分馆/ [索取号:B26/JY88] | 在馆 |